Idaho : Palisades : 1:100 000-scale topographic map : 30 x 60 minute series (topographic) /

Bibliographic Details
Corporate Author: United States. Bureau of Land Management
Format: Government Document Map
Language:English
Published: Reston, Va. : Denver, CO : The Bureau ; Idaho State Office, [1994]
Edition:BLM ed. 1993.
Series:Surface management status
Subjects:

MARC

Tag First Indicator Second Indicator Subfields
LEADER 00000cem a2200000 a 4500
001 in00001198564
005 20151002061737.0
007 aj canzn
008 940805s1994 vauag bh a f 1 eng d
010 |a gp 94092088  
034 1 |a a  |b 100000  |d W1120000  |e W1110000  |f N0433000  |g N0430000 
035 |a (OCoLC)30888414 
035 |9 AGJ4572AM 
040 |a GPO  |c GPO  |d DLC  |d UtOrBLW 
052 |a 4271 
052 |a 4261 
074 |a 0619-G-16 
086 0 |a I 53.11/4:43111-A 1-TM-100/993 
090 |a G3701.G5 s100  |b .U5 Palisades ID-WY (SM) 
110 1 |a United States.  |b Bureau of Land Management. 
245 1 0 |a Idaho :  |b Palisades : 1:100 000-scale topographic map : 30 x 60 minute series (topographic) /  |c edited and published by the Bureau of Land Management. 
250 |a BLM ed. 1993. 
255 |a Scale 1:100,000. 1 cm. on the map represents 1 km. on the ground ;  |b universal transverse Mercator proj.  |c (W 11200ʹ--W 11100ʹ/N 4330ʹ--N 4300ʹ). 
264 1 |a Reston, Va. :  |b The Bureau ;  |a Denver, CO :  |b Idaho State Office,  |c [1994] 
264 2 |a Boise, ID :  |b For sale by the Bureau, Idaho State Office ; 
300 |a 1 map :  |b color ;  |c 56 x 81 cm. 
336 |a cartographic image  |b cri  |2 rdacontent 
337 |a unmediated  |b n  |2 rdamedia 
338 |a sheet  |b nb  |2 rdacarrier 
490 1 |a Surface management status 
500 |a Relief shown by contours and spot heights. 
500 |a Shows township and range lines. 
500 |a Filing title: Palisades, Idaho--Wyoming. 
500 |a USGS base map edited 1986. 
500 |a Includes location map and indexes to adjoining maps and to 1:24,000 scale maps. 
500 |a Designed to be folded to 23 x 11 cm. 
500 |a "43111-A1-TM-100." 
500 |a Cartographic material. 
650 0 |a Land use, Rural  |z Idaho  |x Maps. 
650 0 |a Land use, Rural  |z Wyoming  |x Maps. 
740 0 |a Palisades, Idaho--Wyoming. 
810 1 |a United States.  |b Bureau of Land Management.  |t Surface-minerals management status. 
999 |a MARS 
999 f f |s 3adbebdd-0850-3aa8-84ea-2df6123c6ce8  |i 8d1a4e25-3625-3424-b665-73a1789de5e9  |t 0 
952 f f |p normal  |a Texas A&M University  |b College Station  |c Sterling C. Evans Library  |d Evans: Maps (2nd floor)  |t 0  |e G3701.G5 s100 .U5 Palisades ID-WY (SM)  |h Library of Congress classification  |i unmediated -- sheet  |m A14818124734 
998 f f |a G3701.G5 s100 .U5 Palisades ID-WY (SM)  |t 0  |l Evans: Maps (2nd floor)